A building contract dictionary. (Record no. 98817)

MARC details
000 -LEADER
fixed length control field 01074cam a2200277 4500
008 - FIXED-LENGTH DATA ELEMENTS--GENERAL INFORMATION
fixed length control field 090401t2001 xxu||||| |||| 00| 0 eng d
020 ## - INTERNATIONAL STANDARD BOOK NUMBER
International Standard Book Number 0632039647
035 ## - SYSTEM CONTROL NUMBER
System control number (Sirsi) u97241
041 ## - LANGUAGE CODE
Language code of text/sound track or separate title eng
050 ## - LIBRARY OF CONGRESS CALL NUMBER
Classification number 692.803
100 ## - MAIN ENTRY--PERSONAL NAME
Personal name Chappell, David
245 #2 - TITLE STATEMENT
Title A building contract dictionary.
250 ## - EDITION STATEMENT
Edition statement 3rd ed.
260 ## - PUBLICATION, DISTRIBUTION, ETC.
Place of publication, distribution, etc. Oxford
Name of publisher, distributor, etc. Blackwell Science
Date of publication, distribution, etc. 2001
300 ## - PHYSICAL DESCRIPTION
Extent x,432p. ; 25cm.
350 ## - PRICE (NR) (BK AM CF MU VM SE) [OBSOLETE]
Price 57.50
520 ## - SUMMARY, ETC.
Summary, etc. Over 800 separate entries referring to words, phrases and terms encountered in, and in connection with, building contracts. Contracts which have been referenced include JCT 98, IFC 98, MW 98, WCD 98, PCC 98, MC 98, ACA 3, GC/Works/1 (1998), NEC, NSC/C, DOM/1 and DOM/2, as well as topics such as adjudication, arbitration and the Civil Procedure Rules
650 ## - SUBJECT ADDED ENTRY--TOPICAL TERM
Topical term or geographic name entry element BUILT ENVIRONMENT-BUILDING CONTRACT FORMS
650 ## - SUBJECT ADDED ENTRY--TOPICAL TERM
Topical term or geographic name entry element DICTIONARIES
690 ## - LOCAL SUBJECT ADDED ENTRY--TOPICAL TERM (OCLC, RLIN)
Topical term or geographic name as entry element BUILT ENVIRONMENT-BUILDING CONTRACT FORMS
700 ## - ADDED ENTRY--PERSONAL NAME
Personal name Marshall, D.
700 ## - ADDED ENTRY--PERSONAL NAME
Personal name Powell-Smith, Vincent
700 ## - ADDED ENTRY--PERSONAL NAME
Personal name Cavender, Simon
942 ## - ADDED ENTRY ELEMENTS (KOHA)
Suppress in OPAC 0
948 ## - LOCAL PROCESSING INFORMATION (OCLC); SERIES PART DESIGNATOR (RLIN)
c (OCLC) 04/03/1997
Holdings
Withdrawn status Lost status Damaged status Not for loan Home library Current library Shelving location Date acquired Cost, normal purchase price Total Checkouts Full call number Barcode Date last seen Date last checked out Copy number Cost, replacement price Price effective from Koha item type Source of classification or shelving scheme
  Missing     London London Missing 13/07/2001 59.50 38 692.803 CHAP 30064624 06/08/2019 21/06/2006 2 59.50 06/08/2019 Book  
        London London Books 13/07/2001 59.50   692.803 CHAP 30064612 06/08/2019   3 59.50 06/08/2019 Reference material Dewey Decimal Classification